000 00813nam2a22002531 4500
001 RU\NLR\A1SV\143680
005 20251214183443.0
035 _a(NLR Aleph) 011012073
090 _a13328893
_c13328893
100 _a20141124d1930 u y0rusy50 ca
101 0 _arus
200 1 _a[Дневники Н.И.Тургенева за 1824 г.]
_hТ.4, кн.14-15
210 _d[1930]
215 _a256 с.
300 _aРукоп.
461 1 _1001RU\NLR\A1SV\131594
_12000#$vВып.7
_910351017
_d1911-1921
_p256 с.
_tАрхив братьев Тургеневых
_vВып.7
702 1 _aТургенев
_bА.И.
_f1784-1845
_gАлександр Иванович
801 0 _aRU
_bNLR
_c20141124
899 _aРНБ
_jDesideratum
942 _cBOOK
980 _aA1SV
980 _aA1SV
980 _aNB